000 00637cam a22002293a 4500
001 30256
003 PGUSA
005 20140828083643.0
008 091014s2009||||xxu|||||s|||||000 | eng d
040 _aPGUSA
_beng
042 _adc
050 4 _aBF
100 1 _aWilcox, Ella Wheeler,
_d1850-1919
245 1 4 _aThe Heart of the New Thought
_h[electronic resource] /
_cElla Wheeler Wilcox
260 _bProject Gutenberg,
_c2009
506 _aPublic domain in the USA.
516 _aElectronic text
653 _aNew Thought
830 0 _aProject Gutenberg
_v30256
856 4 0 _uhttp://www.gutenberg.org/ebooks/30256
942 _cEB
999 _c259511
_d259511